header

Jews in a Graeco-Roman world (Record no. 3914)

MARC details
000 -LEADER
fixed length control field 01153nam a2200301Ia 4500
245 00 - TITLE STATEMENT
Title Jews in a Graeco-Roman world
260 ## - PUBLICATION, DISTRIBUTION, ETC. (IMPRINT)
Place of publication Oxford :
Name of publisher Oxford University Press,
Year of publication 2004.
300 ## - PHYSICAL DESCRIPTION
Number of Pages ix, 293 p.
650 #0 - SUBJECT ADDED ENTRY--TOPICAL TERM
Topical Term Jews
Topical Term Jews
700 1# - ADDED ENTRY--PERSONAL NAME
Personal name Goodman, Martin,
856 40 - ELECTRONIC LOCATION AND ACCESS
Uniform Resource Identifier http://site.ebrary.com/lib/rucke/Doc?id=10279355

No items available.

© 2026 Rongo University
Contact us: librarian | system librarian | Rongo university